Normal view
MARC view
Entry Personal Name
001 - CONTROL NUMBER
- control field: 49430
003 - CONTROL NUMBER IDENTIFIER
- control field: ARRUPE
005 - DATE AND TIME OF LATEST TRANSACTION
- control field: 20200207102239.0
008 - FIXED-LENGTH DATA ELEMENTS
- fixed length control field: 200207|| aca||aabn | a|a d
040 ## - CATALOGING SOURCE
- Original cataloging agency: ARRUPE
- Transcribing agency: ARRUPE
100 ## - HEADING--PERSONAL NAME
- Personal name: Thomas, Dylan,
- Dates associated with a name: 1914-1953
- General subdivision: Homes and haunts
- Geographic subdivision: Wales
- Geographic subdivision: Laugharne.
670 ## - SOURCE DATA FOUND
- Source citation: Work cat.: (ARRUPE)0: Thomas-Ellis, Aeronwy. 49426, My father's places :, 2009.